Trekking: historia, técnica y lugares
Guardat en:
| Autors principals: | , , |
|---|---|
| Format: | Llibre |
| Idioma: | espanyol |
| Publicat: |
Barcelona
Paidotribo
2001
|
| Edició: | 1a. ed |
| Matèries: | |
| Etiquetes: |
Afegir etiqueta
Sense etiquetes, Sigues el primer a etiquetar aquest registre!
|
MARC
| LEADER | 00000nam a2200000 a 4500 | ||
|---|---|---|---|
| 001 | UCI3166 | ||
| 003 | CL-VaPUC | ||
| 008 | 071012e20010000SP |||||||||||||||||spa|d | ||
| 020 | |a 8480195258 | ||
| 082 | 0 | 4 | |a 796.522 |b ANG |2 21 |
| 100 | 0 | |a Angeli, Massimiliano |e author |9 524582 | |
| 700 | 0 | |a Martignoni, Stefano |e author |9 524583 | |
| 700 | 0 | |a Trimeri, Mario |e author |9 524584 | |
| 245 | 1 | 0 | |a Trekking: historia, técnica y lugares |
| 250 | |a 1a. ed | ||
| 300 | |a 128 p | ||
| 942 | |c BK | ||
| 945 | |d 20071012 00:00:00 |a jtorresc | ||
| 260 | |a Barcelona |b Paidotribo |c 2001 | ||
| 650 | 7 | |a RESISTENCIA DEPORTIVA |2 CL-VaPUC |9 384707 | |
| 650 | 0 | |a Metabolismo |9 259893 | |
| 650 | 0 | |a Aparato respiratorio |9 263058 | |
| 650 | 7 | |a CIRCULACION |2 CL-VaPUC |9 344736 | |
| 650 | 0 | |a Sistema nervioso |9 266815 | |
| 650 | 0 | |a Alimentos |9 256203 | |
| 650 | 0 | |a Energía |9 259431 | |
| 650 | 0 | |a Población |9 257577 | |
| 650 | 7 | |a MONTAÑISMO |2 CL-VaPUC |9 384709 | |
| 650 | 0 | |a Ejercicios físicos |9 307296 | |
| 650 | 7 | |a ESCALAMIENTO |2 CL-VaPUC |9 524585 | |
| 583 | |a last modification |c 20071012 00:00:00 |k Rodrigo Vera | ||
| 999 | |c 327538 |d 327536 | ||
| 952 | |0 0 |1 0 |4 0 |6 796_522000000000000_ANG_2001 |7 0 |8 A |9 410472 |a BIBEDU |b BIBEDU |d 2019-11-22 |i 4344529 |l 1 |o 796.522 ANG 2001 |p 4344529 |r 2022-04-04 |s 2022-03-29 |w 2019-11-22 |y BK |k EFI | ||
| 952 | |0 0 |1 0 |4 0 |6 796_522000000000000_ANG_2001 |7 0 |8 A |9 410473 |a BIBEDU |b BIBEDU |d 2019-11-22 |i 4344537 |l 1 |o 796.522 ANG 2001 |p 4344537 |r 2023-03-01 |s 2023-01-24 |w 2019-11-22 |y BK |k EFI | ||